000
00313 a2200145 4500
001
164470
020
_a
040
_c
Magnum
100
_a
Luquini, Joselma
240
1
0
_a
Jojo e palito: belo, meu amor
_l
por
245
1
0
_a
Jojo e palito: belo, meu amor
362
0
_a
1899
697
_a
IJ/CONTOS
942
_c
BK
999
_c
164470
_d
164470